Statistics for Premier League Club Locations - Map Quiz

Click here to take the quiz!

General Stats

  • This quiz has been taken 718 times
  • The average score is 12 of 19

Answers on the Map

Answers color-coded by a green-red scale on the quiz's map according to % correct below.
 

Answer Stats

Answer% Correct
Newcastle United
84%
Everton / Liverpool
83%
Manchester City
79%
Arsenal
76%
Southampton
75%
Brighton & Hove Albion
72%
Crystal Palace
68%
Manchester United
66%
Burnley
62%
Chelsea
62%
Fulham
62%
Tottenham Hotspur
60%
West Ham United
60%
Aston Villa
59%
Leeds United
58%
Leicester City
56%
Sheffield United
51%
Wolverhampton Wanderers
41%
West Bromwich Albion
38%

Score Distribution

Percentile by Number Answered

Percent of People with Each Score

Your Score History

You have not taken this quiz